| 000 | 00540cam a22002057a 4500 | ||
|---|---|---|---|
| 999 |
_c12866 _d12866 |
||
| 003 | OSt | ||
| 005 | 20240806173420.0 | ||
| 008 | 240806b ||||| |||| 00| 0 eng d | ||
| 020 | _a9780713667844 | ||
| 040 |
_aUKM _cUKM _dDLC |
||
| 042 | _alccopycat | ||
| 082 | 0 | 4 |
_a760.28 _222 |
| 100 | 1 | _aNoyce, Richard. | |
| 245 | 1 | 0 |
_aPrintmaking at the edge / _cRichard Noyce. |
| 260 |
_aLondon : _bA. & C. Black, _c2006. |
||
| 300 |
_a160 p. : _bcol. ill. ; _c28 cm. |
||
| 500 | _aIncludes index. | ||
| 650 | 0 |
_aPrints _y21st century. |
|
| 942 | _2ddc | ||